000
00306nam a2200145Ia 4500
100
_a
Gilliatt/Mary
650
_a
General
942
_c
BK
654
_a
Decorating Book
245
_a
Decorating Book
260
_b
Dorling Kindensley
_a
London
_c
1981
082
_a
747
300
_a
368
546
_a
ENGLISH
999
_c
29022
_d
29022